[Event "Belleuve Chess 2012"]
[Site "Alcudia ESP"]
[Date "2012.10.14"]
[Round "1.25"]
[White "Sierra Bermejo, Gregorio"]
[Black "Castrillon Otero, Javier"]
[Result "0-1"]
[WhiteElo "1647"]
[BlackElo "1897"]
[PlyCount "60"]
[EventDate "2012.10.14"]
[EventType "swiss"]
[EventRounds "9"]
[EventCountry "ESP"]
[Source "lmi"]
[SourceDate "2012.10.14"]

1. e4 e5 2. Nf3 Nc6 3. Bb5 Bc5 4. O-O Qf6 5. c3 Nge7 6. d3 h6 7. Be3 Bb6 8. d4
Ng6 9. Re1 O-O 10. Na3 a6 11. Bf1 d6 12. d5 Bxe3 13. Rxe3 Nce7 14. g3 Bg4 15.
Bg2 Nh8 16. Nc4 g5 17. Ncd2 Qg7 18. Qa4 f5 19. exf5 Bxf5 20. c4 Bg6 21. Qd7 Rf7
22. Qh3 Nf5 23. Rb3 b6 24. Rd1 Raf8 25. Ra3 a5 26. Nb3 Bh7 27. g4 Ne7 28. Rd2
Neg6 29. Qg3 Rf4 30. h4 Ne7 0-1

[Event "Belleuve Chess 2012"]
[Site "Alcudia ESP"]
[Date "2012.10.14"]
[Round "1.26"]
[White "Naranjo Moreno, Jose Javier"]
[Black "Febrero Perez, Lluis"]
[Result "1-0"]
[WhiteElo "1894"]
[BlackElo "1597"]
[PlyCount "57"]
[EventDate "2012.10.14"]
[EventType "swiss"]
[EventRounds "9"]
[EventCountry "ESP"]
[Source "lmi"]
[SourceDate "2012.10.14"]

1. Nf3 Nf6 2. d4 d5 3. Bf4 e6 4. e3 Nc6 5. Bd3 Bd6 6. O-O O-O 7. Nbd2 b6 8. c3
Bb7 9. Bg5 h6 10. Bh4 e5 11. dxe5 Nxe5 12. Nxe5 Bxe5 13. Nf3 Qd6 14. Nxe5 Qxe5
15. Bg3 Qe7 16. Re1 c5 17. f3 Rad8 18. Qa4 Bc8 19. Rad1 Qb7 20. Be5 Nd7 21. Bg3
Rfe8 22. e4 dxe4 23. Bxe4 Qa6 24. Qxa6 Bxa6 25. Bc7 Rc8 26. Rxd7 Bb5 27. Red1
Bxd7 28. Rxd7 f6 29. Kf2 1-0

[Event "Belleuve Chess 2012"]
[Site "Alcudia ESP"]
[Date "2012.10.14"]
[Round "1.27"]
[White "Mateu Mir, Gabriel"]
[Black "Suuronen, Petri"]
[Result "0-1"]
[WhiteElo "1575"]
[BlackElo "1894"]
[PlyCount "40"]
[EventDate "2012.10.14"]
[EventType "swiss"]
[EventRounds "9"]
[EventCountry "ESP"]
[Source "lmi"]
[SourceDate "2012.10.14"]

1. d4 d6 2. c4 e5 3. dxe5 dxe5 4. Qxd8+ Kxd8 5. e4 Be6 6. Nf3 f6 7. Be2 c6 8.
O-O Nd7 9. Rd1 Kc7 10. a3 Nc5 11. Nc3 Nh6 12. h3 Nf7 13. b4 Nb3 14. Rb1 Nxc1
15. Rbxc1 a5 16. c5 axb4 17. axb4 Be7 18. Ra1 g5 19. Nh2 Rhd8 20. Rxd8 Rxa1+
0-1

[Event "Belleuve Chess 2012"]
[Site "Alcudia ESP"]
[Date "2012.10.14"]
[Round "1.28"]
[White "Navarrete Abraham, Jorge"]
[Black "Gibert Rossello, Antonio"]
[Result "1-0"]
[WhiteElo "1893"]
[BlackElo "1564"]
[PlyCount "53"]
[EventDate "2012.10.14"]
[EventType "swiss"]
[EventRounds "9"]
[EventCountry "ESP"]
[Source "lmi"]
[SourceDate "2012.10.14"]

1. e4 e5 2. d4 Nc6 3. Nf3 d6 4. Bc4 Be7 5. dxe5 dxe5 6. Qe2 Nf6 7. O-O Bg4 8.
c3 O-O 9. Bg5 a6 10. Nbd2 b5 11. Bb3 Qc8 12. h3 Bh5 13. Qe3 Na5 14. Bd1 Qe6 15.
b4 Nb7 16. Bb3 Qd6 17. Nxe5 c5 18. Bf4 c4 19. Nexc4 Qd8 20. Nb6 Bd6 21. Bxd6
Nxd6 22. Nxa8 Qxa8 23. e5 Re8 24. Qf4 Nd5 25. Bxd5 Qxd5 26. exd6 Bg6 27. Nf3
1-0

[Event "Belleuve Chess 2012"]
[Site "Alcudia ESP"]
[Date "2012.10.14"]
[Round "1.29"]
[White "Forcadell Escouffier, Albert"]
[Black "Diez Jover, Alberto"]
[Result "0-1"]
[WhiteElo "1554"]
[BlackElo "1891"]
[PlyCount "34"]
[EventDate "2012.10.14"]
[EventType "swiss"]
[EventRounds "9"]
[EventCountry "ESP"]
[Source "lmi"]
[SourceDate "2012.10.14"]

1. d4 d5 2. Nf3 Nf6 3. e3 e6 4. b3 Nbd7 5. Bb2 Bd6 6. Nbd2 Qe7 7. Ne5 Ne4 8.
Qg4 Ndf6 9. Qf3 Bb4 10. Rd1 Nxd2 11. Rxd2 Bxd2+ 12. Kxd2 Ne4+ 13. Kc1 O-O 14.
h4 Qb4 15. Nd3 Qd2+ 16. Kb1 Qa5 17. Be2 Nd2+ 0-1

[Event "Belleuve Chess 2012"]
[Site "Alcudia ESP"]
[Date "2012.10.14"]
[Round "1.30"]
[White "Valarezzo Ricard, Pedro"]
[Black "Rodriguez Bennassar, Miquel"]
[Result "1-0"]
[WhiteElo "1888"]
[BlackElo "1457"]
[PlyCount "69"]
[EventDate "2012.10.14"]
[EventType "swiss"]
[EventRounds "9"]
[EventCountry "ESP"]
[Source "lmi"]
[SourceDate "2012.10.14"]

1. d4 Nf6 2. Nf3 c5 3. c3 e6 4. Bg5 Nc6 5. e3 h6 6. Bh4 g5 7. Bg3 Qb6 8. Qc2
cxd4 9. exd4 d5 10. h3 Bg7 11. Nbd2 Bd7 12. Rb1 a5 13. Qd1 Qd8 14. Ne5 Nxe5 15.
Bxe5 Bc6 16. Bd3 Rg8 17. Qe2 Qe7 18. O-O Nd7 19. Bxg7 Rxg7 20. Rbe1 Nf6 21. f4
g4 22. hxg4 Nxg4 23. Rf3 Kd7 24. f5 Re8 25. f6 Nxf6 26. Qe5 Rxg2+ 27. Kxg2 Ng4
28. Qh5 Rg8 29. Kf1 Rg5 30. Qxf7 Nh2+ 31. Kf2 Nxf3 32. Qxe7+ Kxe7 33. Nxf3 Rg7
34. Ne5 Bd7 35. Rg1 1-0

[Event "Belleuve Chess 2012"]
[Site "Alcudia ESP"]
[Date "2012.10.14"]
[Round "1.31"]
[White "Serralta Font, Carles"]
[Black "Perez Gandesa, Jose Antonio"]
[Result "0-1"]
[WhiteElo "1403"]
[BlackElo "1881"]
[PlyCount "52"]
[EventDate "2012.10.14"]
[EventType "swiss"]
[EventRounds "9"]
[EventCountry "ESP"]
[Source "lmi"]
[SourceDate "2012.10.14"]

1. d4 Nf6 2. Nc3 e6 3. e4 Bb4 4. Bd2 c5 5. e5 cxd4 6. exf6 dxc3 7. bxc3 Bf8 8.
Nf3 Qxf6 9. Bd3 Bc5 10. O-O h6 11. Re1 Nc6 12. Be3 Qxc3 13. Bxc5 Qxc5 14. Rb1
a6 15. Qd2 d5 16. Ne5 Nxe5 17. Rxe5 O-O 18. Qf4 Qc7 19. Qg3 f6 20. f4 fxe5 21.
fxe5 Rf5 22. Qg6 Qf7 23. Qg3 b5 24. Rb4 Qa7+ 25. Kh1 Qf2 26. Bxf5 Qf1# 0-1

[Event "Belleuve Chess 2012"]
[Site "Alcudia ESP"]
[Date "2012.10.15"]
[Round "2.1"]
[White "Garcia Sanz, Eduardo"]
[Black "Navarrete Abraham, Jorge"]
[Result "1-0"]
[WhiteElo "1999"]
[BlackElo "1893"]
[PlyCount "49"]
[EventDate "2012.10.14"]
[EventType "swiss"]
[EventRounds "9"]
[EventCountry "ESP"]
[Source "lmi"]
[SourceDate "2012.10.14"]

1. e4 c5 2. Nf3 e6 3. d4 cxd4 4. Nxd4 Nc6 5. Nc3 Bb4 6. Ndb5 d5 7. exd5 exd5 8.
Qxd5 Qe7+ 9. Be2 Be6 10. Qg5 Nf6 11. a3 Bxc3+ 12. Nxc3 O-O-O 13. O-O h6 14. Qg3
h5 15. Bg5 h4 16. Bxh4 g5 17. Qxg5 Rhg8 18. Qxf6 Rxg2+ 19. Kxg2 Rg8+ 20. Kh1
Qc5 21. Bg3 Nd4 22. Bd3 Qb6 23. Qe5 Nc6 24. Qb5 Qd4 25. Bf5 1-0

[Event "Belleuve Chess 2012"]
[Site "Alcudia ESP"]
[Date "2012.10.15"]
[Round "2.2"]
[White "Suuronen, Petri"]
[Black "Gomez Olivares, Alejandro"]
[Result "1/2-1/2"]
[WhiteElo "1894"]
[BlackElo "1993"]
[PlyCount "149"]
[EventDate "2012.10.14"]
[EventType "swiss"]
[EventRounds "9"]
[EventCountry "ESP"]
[Source "lmi"]
[SourceDate "2012.10.14"]

1. e4 c5 2. Nf3 Nc6 3. d3 g6 4. g3 Bg7 5. Bg2 d6 6. O-O e6 7. c3 Nge7 8. Nbd2
O-O 9. a4 b6 10. Nc4 d5 11. Na3 Bb7 12. Bf4 e5 13. Bg5 f6 14. Be3 Qd7 15. Qb3
Na5 16. Qc2 Rac8 17. exd5 Bxd5 18. c4 Ba8 19. Bd2 Nac6 20. Rfd1 Rcd8 21. Bc3
Qc8 22. h4 a5 23. Nb5 Bb7 24. Nd2 Qb8 25. Nf1 Na7 26. Bxb7 Qxb7 27. Qb3 Kh8 28.
Ne3 Nac8 29. Na3 Qc6 30. Nb5 Rd7 31. Rd2 Rfd8 32. Rad1 Bh6 33. Re2 Rxd3 34.
Rxd3 Rxd3 35. Qc2 Rd7 36. Ng4 Bg7 37. Rd2 Nf5 38. Rxd7 Qxd7 39. Qd2 Qxd2 40.
Bxd2 Ncd6 41. Nxd6 Nxd6 42. b3 Kg8 43. Be1 Nf5 44. Ne3 Nxe3 45. fxe3 e4 46. g4
Bh6 47. Kf2 Bf8 48. Bc3 Kf7 49. Kg2 Ke6 50. Kh3 Bd6 51. Be1 h5 52. Bc3 Be5 53.
Be1 Kf7 54. Bd2 Bb2 55. Kg3 hxg4 56. Kxg4 f5+ 57. Kg3 Be5+ 58. Kh3 Kg7 59. Be1
Kh6 60. Bd2 Kh5 61. Be1 f4 62. exf4 Bxf4 63. Bc3 g5 64. hxg5 Kxg5 65. Kg2 Kf5
66. Kf2 Be5 67. Be1 Bd4+ 68. Ke2 Kg4 69. Bd2 Kf5 70. Be1 Bb2 71. Bh4 Bf6 72.
Bg3 Be5 73. Bh4 Bc7 74. Ke3 Bf4+ 75. Ke2 1/2-1/2

[Event "Belleuve Chess 2012"]
[Site "Alcudia ESP"]
[Date "2012.10.15"]
[Round "2.3"]
[White "Achtmann, Armin"]
[Black "Valarezzo Ricard, Pedro"]
[Result "1-0"]
[WhiteElo "1978"]
[BlackElo "1888"]
[PlyCount "113"]
[EventDate "2012.10.14"]
[EventType "swiss"]
[EventRounds "9"]
[EventCountry "ESP"]
[Source "lmi"]
[SourceDate "2012.10.14"]

1. b4 d5 2. Bb2 Nf6 3. Nf3 Bf5 4. e3 e6 5. b5 Nbd7 6. Be2 h6 7. O-O Be7 8. d4
O-O 9. Nbd2 c5 10. c4 dxc4 11. Nxc4 Nb6 12. Nfe5 cxd4 13. Bxd4 Nxc4 14. Nxc4 b6
15. Bf3 Be4 16. Bxf6 Bxf3 17. Qxf3 Bxf6 18. Rfd1 Qc7 19. Rac1 Rac8 20. g3 Qe7
21. Qe4 Qb4 22. Nd6 Rxc1 23. Qxb4 Rxd1+ 24. Kg2 Be7 25. Qa4 Rxd6 26. Qxa7 Bf6
27. a4 Bc3 28. Qc7 Rd3 29. Qxb6 Rfd8 30. Qc6 R8d6 31. Qe8+ Kh7 32. Qxf7 Rd2 33.
Qc7 Be5 34. Qc4 Rb2 35. Qe4+ Kh8 36. Qxe5 Rdd2 37. Qf4 e5 38. Qf8+ Kh7 39. Qf5+
Kh8 40. g4 Ra2 41. b6 Rdb2 42. b7 Rxa4 43. Qc8+ Kh7 44. b8=Q Rxb8 45. Qxb8
Rxg4+ 46. Kf3 Rg5 47. h4 Rf5+ 48. Kg3 e4 49. Qe8 Rf3+ 50. Kg2 Rf6 51. Qxe4+
Rg6+ 52. Kf1 h5 53. Qf5 Kh6 54. e4 Rg4 55. e5 Rxh4 56. e6 g6 57. Qf8+ 1-0

[Event "Belleuve Chess 2012"]
[Site "Alcudia ESP"]
[Date "2012.10.15"]
[Round "2.4"]
[White "Diez Jover, Alberto"]
[Black "Botelho Luis, Miguel Rodrig"]
[Result "0-1"]
[WhiteElo "1891"]
[BlackElo "1972"]
[PlyCount "68"]
[EventDate "2012.10.14"]
[EventType "swiss"]
[EventRounds "9"]
[EventCountry "ESP"]
[Source "lmi"]
[SourceDate "2012.10.14"]

1. e4 c5 2. Nf3 g6 3. d4 cxd4 4. Nxd4 Nc6 5. Nc3 Bg7 6. Be3 Nf6 7. Bc4 Qa5 8.
f3 Qb4 9. Ndb5 Qxc4 10. Nc7+ Kd8 11. Nxa8 d6 12. Qd2 Be6 13. Kf2 Kd7 14. Nb6+
axb6 15. Bxb6 Rc8 16. Rad1 Ke8 17. Rhe1 Nd7 18. Be3 Nb4 19. a3 Bxc3 20. bxc3
Na2 21. Rb1 Nc5 22. Bd4 h5 23. e5 d5 24. Qe3 b5 25. Bxc5 Rxc5 26. a4 Nxc3 27.
a5 Nxb1 28. a6 d4 29. Qh6 Rc8 30. a7 Kd7 31. c3 Nxc3 32. Ra1 Ra8 33. Qd2 Qc5
34. Qd3 Rxa7 0-1

[Event "Belleuve Chess 2012"]
[Site "Alcudia ESP"]
[Date "2012.10.15"]
[Round "2.5"]
[White "Perez Gandesa, Jose Antonio"]
[Black "Stefanov, Evtim"]
[Result "0-1"]
[WhiteElo "1881"]
[BlackElo "1963"]
[PlyCount "114"]
[EventDate "2012.10.14"]
[EventType "swiss"]
[EventRounds "9"]
[EventCountry "ESP"]
[Source "lmi"]
[SourceDate "2012.10.14"]

1. d4 d5 2. Bg5 Nf6 3. Bxf6 gxf6 4. e3 e5 5. g3 h5 6. h4 Bg4 7. Be2 Bxe2 8.
Qxe2 Nc6 9. c3 Qd7 10. Nd2 O-O-O 11. O-O-O Rh6 12. Nb3 e4 13. Nh3 a5 14. Qb5 b6
15. Nf4 Na7 16. Qxd7+ Rxd7 17. Nd2 f5 18. Kb1 c6 19. c4 Kb7 20. a3 Be7 21. Rc1
Bd8 22. Rc2 Bc7 23. cxd5 cxd5 24. Ne2 Rc6 25. Rhc1 Bb8 26. Nc3 Rd8 27. Nb3 Nc8
28. Nb5 Rxc2 29. Rxc2 Ne7 30. Nd2 Rc8 31. a4 Ng8 32. Rxc8 Kxc8 33. Nc3 Nf6 34.
Nd1 Kd7 35. Kc2 Ng4 36. Nb1 Bd6 37. Nbc3 Kc6 38. Kd2 Bb4 39. Ke2 Be7 40. Kd2
Bf6 41. Ke2 f4 42. Kd2 fxg3 43. fxg3 Be7 44. Ne2 Bb4+ 45. Ndc3 Bd6 46. Nd1 Nh6
47. Ke1 Nf5 48. Kf2 b5 49. b3 b4 50. Kg2 Kd7 51. Kh3 Nh6 52. Nf2 Ke6 53. Nf4+
Bxf4 54. gxf4 Nf5 55. Nd1 Kf6 56. Kh2 Nxh4 57. Kh3 Nf3 0-1

[Event "Belleuve Chess 2012"]
[Site "Alcudia ESP"]
[Date "2012.10.15"]
[Round "2.6"]
[White "Melderis, Uldis"]
[Black "Maria Lopez, Jorge Luis"]
[Result "1-0"]
[WhiteElo "1958"]
[BlackElo "1877"]
[PlyCount "69"]
[EventDate "2012.10.14"]
[EventType "swiss"]
[EventRounds "9"]
[EventCountry "ESP"]
[Source "lmi"]
[SourceDate "2012.10.14"]

1. b4 d5 2. Bb2 Nf6 3. e3 Bf5 4. Nf3 e6 5. b5 Nbd7 6. Be2 c5 7. bxc6 bxc6 8.
O-O Rb8 9. Qc1 Bd6 10. d3 O-O 11. Nbd2 Re8 12. c4 e5 13. Ba3 Nc5 14. Bxc5 Bxc5
15. cxd5 Qe7 16. e4 Bg4 17. Nb3 Ba3 18. Qxc6 Rec8 19. Qa6 Rc3 20. d4 Bc8 21.
Qa5 Bb4 22. d6 Qd7 23. Qxe5 Bxd6 24. Qg5 Nxe4 25. Qh4 Qe6 26. Qd8+ Bf8 27. Rac1
Rb6 28. Ng5 Rxc1 29. Nxe6 Rxf1+ 30. Kxf1 Bxe6 31. Qa8 Bxb3 32. axb3 Nd2+ 33.
Ke1 Nxb3 34. Bc4 Nxd4 35. Bxf7+ 1-0

[Event "Belleuve Chess 2012"]
[Site "Alcudia ESP"]
[Date "2012.10.15"]
[Round "2.7"]
[White "Perez Prieto, German"]
[Black "Ponce Cano, Adrian"]
[Result "0-1"]
[WhiteElo "1872"]
[BlackElo "1958"]
[PlyCount "54"]
[EventDate "2012.10.14"]
[EventType "swiss"]
[EventRounds "9"]
[EventCountry "ESP"]
[Source "lmi"]
[SourceDate "2012.10.14"]

1. Nf3 d5 2. d4 e6 3. c3 c5 4. e3 Nf6 5. Bd3 Nc6 6. Nbd2 Be7 7. O-O O-O 8. Qe2
c4 9. Bc2 b5 10. e4 b4 11. e5 Nd7 12. Nxc4 dxc4 13. Qe4 g6 14. Qxc6 Nb6 15. Bh6
Re8 16. Qe4 Rb8 17. Qe2 bxc3 18. bxc3 Nd5 19. Qxc4 Rb6 20. Rfe1 Ba6 21. Qa4
Nxc3 22. Qxe8+ Qxe8 23. Bd2 Ne2+ 24. Kh1 Rb2 25. Bb3 Nxd4 26. Be3 Nxf3 27. gxf3
Qc6 0-1

[Event "Belleuve Chess 2012"]
[Site "Alcudia ESP"]
[Date "2012.10.15"]
[Round "2.8"]
[White "Rios Torondell, Jaume"]
[Black "Kopischke, Maik"]
[Result "1/2-1/2"]
[WhiteElo "1944"]
[BlackElo "1867"]
[PlyCount "44"]
[EventDate "2012.10.14"]
[EventType "swiss"]
[EventRounds "9"]
[EventCountry "ESP"]
[Source "lmi"]
[SourceDate "2012.10.14"]

1. b3 d5 2. Bb2 Nf6 3. Bxf6 exf6 4. e3 g6 5. d4 Bg7 6. Nd2 O-O 7. Ngf3 Bg4 8.
Be2 Re8 9. h3 Bxf3 10. Nxf3 Nd7 11. O-O c6 12. a4 Qc7 13. a5 a6 14. c4 f5 15.
g3 Nf6 16. cxd5 Nxd5 17. Bc4 Nc3 18. Qc2 Ne4 19. Kg2 Rac8 20. b4 Qe7 21. Rab1
h6 22. Ne1 Kh7 1/2-1/2

[Event "Belleuve Chess 2012"]
[Site "Alcudia ESP"]
[Date "2012.10.15"]
[Round "2.9"]
[White "Asensio Ramos, Enrique Fernando"]
[Black "Westerweele, Henrik"]
[Result "1-0"]
[WhiteElo "1858"]
[BlackElo "1942"]
[PlyCount "85"]
[EventDate "2012.10.14"]
[EventType "swiss"]
[EventRounds "9"]
[EventCountry "ESP"]
[Source "lmi"]
[SourceDate "2012.10.14"]

1. d4 d5 2. Bf4 Nf6 3. e3 Bf5 4. Nf3 e6 5. Ne5 Nbd7 6. g4 Bg6 7. h4 h6 8. Nxg6
fxg6 9. Bd3 Kf7 10. Qf3 Bd6 11. Rg1 e5 12. dxe5 Bxe5 13. Bxg6+ Kxg6 14. Bxe5
Nxe5 15. Qf5+ Kf7 16. Qxe5 Re8 17. Qf4 Re4 18. Qf3 Kg8 19. Nc3 Rc4 20. O-O-O c6
21. g5 hxg5 22. hxg5 Ne4 23. Nxe4 Rxe4 24. Qxe4 dxe4 25. Rxd8+ Rxd8 26. Rg4 Re8
27. g6 Re6 28. Kd2 Kf8 29. Rf4+ Rf6 30. Rxf6+ gxf6 31. Kc3 Kg7 32. Kd4 f5 33.
Ke5 Kxg6 34. c4 Kg5 35. b4 b5 36. c5 Kg4 37. Kf6 f4 38. Ke5 fxe3 39. fxe3 Kf3
40. Kd4 a6 41. a3 Ke2 42. Kxe4 Kd2 43. Kd4 1-0

[Event "Belleuve Chess 2012"]
[Site "Alcudia ESP"]
[Date "2012.10.15"]
[Round "2.10"]
[White "Alfven, Jorgen"]
[Black "Fiol Company, Juan"]
[Result "0-1"]
[WhiteElo "1846"]
[BlackElo "1934"]
[PlyCount "74"]
[EventDate "2012.10.14"]
[EventType "swiss"]
[EventRounds "9"]
[EventCountry "ESP"]
[Source "lmi"]
[SourceDate "2012.10.14"]

1. d4 Nf6 2. c4 c5 3. d5 b5 4. Nf3 g6 5. cxb5 a6 6. b6 Qxb6 7. Nc3 Bg7 8. e4 d6
9. Be2 O-O 10. Nd2 Nbd7 11. Nc4 Qc7 12. a4 Rd8 13. a5 Bb7 14. O-O Nf8 15. f4 e6
16. Nb6 Ra7 17. Bc4 Re8 18. Qf3 N8d7 19. dxe6 fxe6 20. Nxd7 Qxd7 21. Be3 Qc6
22. Rad1 Qc7 23. f5 gxf5 24. Qxf5 d5 25. Nxd5 exd5 26. exd5 Kh8 27. d6 Qc6 28.
Rf2 Rxe3 29. d7 Nxd7 30. Rxd7 Re1+ 31. Bf1 Ra8 32. Qf7 Qg6 33. Rxb7 Bd4 34. Qd5
Rg8 35. Qf3 Qb1 36. h3 Rxf1+ 37. Kh2 Rxf2 0-1

[Event "Belleuve Chess 2012"]
[Site "Alcudia ESP"]
[Date "2012.10.15"]
[Round "2.11"]
[White "Sanchez Rodriguez, Francisc"]
[Black "Martinez Rubio, Felipe"]
[Result "1/2-1/2"]
[WhiteElo "1933"]
[BlackElo "1815"]
[PlyCount "34"]
[EventDate "2012.10.14"]
[EventType "swiss"]
[EventRounds "9"]
[EventCountry "ESP"]
[Source "lmi"]
[SourceDate "2012.10.14"]

1. Nf3 c5 2. c4 Nc6 3. Nc3 g6 4. g3 Bg7 5. Bg2 e6 6. O-O Nge7 7. e3 O-O 8. d4
cxd4 9. exd4 d5 10. cxd5 Nxd5 11. Nxd5 exd5 12. Rb1 Bf5 13. Ra1 Be4 14. b3 Bxf3
15. Bxf3 Nxd4 16. Ba3 Nxf3+ 17. Qxf3 Bxa1 1/2-1/2

[Event "Belleuve Chess 2012"]
[Site "Alcudia ESP"]
[Date "2012.10.15"]
[Round "2.13"]
[White "Castello Castello, Juan Jose"]
[Black "Lielmezs, Girts"]
[Result "0-1"]
[WhiteElo "1735"]
[BlackElo "1910"]
[PlyCount "118"]
[EventDate "2012.10.14"]
[EventType "swiss"]
[EventRounds "9"]
[EventCountry "ESP"]
[Source "lmi"]
[SourceDate "2012.10.14"]

1. Nf3 Nc6 2. c4 e5 3. d3 g6 4. g3 Bg7 5. Bg2 d6 6. Nc3 Nge7 7. O-O O-O 8. a3
a5 9. Rb1 f5 10. Bd2 d5 11. cxd5 Nxd5 12. Qb3 e4 13. Qxd5+ Qxd5 14. Nxd5 exf3
15. Bxf3 Rf7 16. Nf4 Re7 17. Bc3 Nd4 18. Bd5+ Kf8 19. e3 g5 20. Bxd4 Bxd4 21.
Ne2 Bf6 22. Nc3 c6 23. Bg2 Be6 24. e4 f4 25. Rfe1 Be5 26. Rbd1 Rd8 27. Rd2 Red7
28. Bf1 Bc4 29. Na4 f3 30. Nc5 Re7 31. Rc2 Bf7 32. Re3 g4 33. Rd2 Bd4 34. Na4
b5 35. Nc3 Bxe3 36. fxe3 b4 37. axb4 axb4 38. Na4 Rxe4 39. Kf2 Rc4 40. h3 h5
41. d4 Rc1 42. Nc5 Rxc5 43. h4 Bc4 44. Rc2 Bxf1 45. Rxc5 Bb5 46. Rxh5 Rd5 47.
Rh7 c5 48. Rb7 Bd3 49. Rb8+ Kg7 50. Rb7+ Kg6 51. Rb6+ Kf7 52. Rb7+ Kf6 53. Rb6+
Ke7 54. Rb7+ Rd7 55. Rb6 cxd4 56. Rxb4 dxe3+ 57. Kxe3 Bf5 58. h5 Rd3+ 59. Kf2
Rd2+ 0-1

[Event "Belleuve Chess 2012"]
[Site "Alcudia ESP"]
[Date "2012.10.15"]
[Round "2.14"]
[White "Romeu De La Cruz, Josep"]
[Black "Contreras Cabot, Marc"]
[Result "0-1"]
[WhiteElo "1902"]
[BlackElo "1805"]
[PlyCount "102"]
[EventDate "2012.10.14"]
[EventType "swiss"]
[EventRounds "9"]
[EventCountry "ESP"]
[Source "lmi"]
[SourceDate "2012.10.14"]

1. b3 d5 2. Bb2 Nf6 3. e3 e6 4. Nf3 Nbd7 5. c4 c6 6. Be2 Be7 7. O-O dxc4 8.
bxc4 b6 9. d3 Qc7 10. h3 Bb7 11. Nbd2 h6 12. a4 a5 13. e4 g5 14. Nh2 c5 15. Rb1
O-O-O 16. Qc2 h5 17. g3 Bd6 18. Kg2 h4 19. Ng4 Nh5 20. Bxh8 Bxg3 21. f4 gxf4
22. Bc3 Rg8 23. Bf3 f5 24. exf5 exf5 25. Nh6 Rg5 26. Nf7 Rg6 27. Bxb7+ Qxb7+
28. Nf3 Be1+ 29. Kh2 Bg3+ 30. Kh1 Qc6 31. Qe2 Re6 32. Qg2 Re3 33. Rbd1 Qe6 34.
N7e5 Nxe5 35. Nxe5 Rxe5 36. Qa8+ Kc7 37. Bxe5+ Qxe5 38. Qa7+ Kc6 39. Rb1 Qc7
40. Qa8+ Kd7 41. Qd5+ Ke7 42. Qxf5 Nf6 43. Rfe1+ Kf7 44. Qe6+ Kg6 45. Re4 Qb7
46. Kg2 Kg5 47. Qe5+ Kg6 48. Kf3 Qc6 49. Rh1 Qxa4 50. Qd6 Qc2 51. Qxb6 Qf2# 0-1

[Event "Belleuve Chess 2012"]
[Site "Alcudia ESP"]
[Date "2012.10.15"]
[Round "2.15"]
[White "Castrillon Otero, Javier"]
[Black "Llamazares Lopez, Carlos"]
[Result "1/2-1/2"]
[WhiteElo "1897"]
[BlackElo "1694"]
[PlyCount "143"]
[EventDate "2012.10.14"]
[EventType "swiss"]
[EventRounds "9"]
[EventCountry "ESP"]
[Source "lmi"]
[SourceDate "2012.10.14"]

1. d4 Nf6 2. c4 g6 3. Nc3 d5 4. Bg5 Ne4 5. Bh4 Nxc3 6. bxc3 Bg7 7. e3 O-O 8.
cxd5 Qxd5 9. Bxe7 Re8 10. Ba3 Na6 11. Nf3 Qa5 12. Bb2 Be6 13. Bd3 Nc5 14. Bc2
Bc4 15. Nd2 Nd3+ 16. Bxd3 Bxd3 17. Nb3 Qb5 18. a4 Qf5 19. Qf3 Qg5 20. h4 Qe7
21. Ba3 Qe6 22. Nc5 Qc4 23. Rc1 b6 24. Nxd3 Qxd3 25. Qe2 Qe4 26. Kf1 c5 27. Qc2
Qe6 28. Rh3 cxd4 29. exd4 Qc4+ 30. Kg1 Re2 31. Qd3 Qa2 32. Qf3 Rae8 33. Bd6
Qxa4 34. h5 Qd7 35. Bf4 Qf5 36. hxg6 fxg6 37. g4 Qe4 38. Be3 Qxf3 39. Rxf3 Rc8
40. Rf4 Bh6 41. Re4 Bxe3 42. Rxe3 Ra2 43. Kg2 Rf8 44. Rf3 Rxf3 45. Kxf3 Kf7 46.
Ke3 Ke6 47. f3 Kd5 48. c4+ Kd6 49. Rh1 a5 50. Rxh7 a4 51. Rh6 Kd7 52. Rxg6 a3
53. Rg7+ Kc8 54. Rh7 Rb2 55. Rh1 a2 56. Ra1 Kc7 57. Kf4 b5 58. cxb5 Kb6 59. g5
Kxb5 60. g6 Rg2 61. Kf5 Kc4 62. Kf6 Kxd4 63. Re1 Rf2 64. Re4+ Kc3 65. Ra4 Rxf3+
66. Ke7 Kb3 67. Ra8 Kb2 68. g7 Rg3 69. Kf7 a1=Q 70. Rxa1 Kxa1 71. g8=Q Rxg8 72.
Kxg8 1/2-1/2

[Event "Belleuve Chess 2012"]
[Site "Alcudia ESP"]
[Date "2012.10.15"]
[Round "2.16"]
[White "Ramis Sebastia, Jordi Salvador"]
[Black "Naranjo Moreno, Jose Javier"]
[Result "0-1"]
[WhiteElo "1675"]
[BlackElo "1894"]
[PlyCount "46"]
[EventDate "2012.10.14"]
[EventType "swiss"]
[EventRounds "9"]
[EventCountry "ESP"]
[Source "lmi"]
[SourceDate "2012.10.14"]

1. d4 Nf6 2. c4 e6 3. Nc3 Bb4 4. Qc2 b6 5. Bg5 Bb7 6. f3 Bxc3+ 7. Qxc3 d5 8. e3
Nbd7 9. Bd3 O-O 10. Ne2 Re8 11. f4 Qe7 12. O-O Rac8 13. b3 c5 14. Qc2 h6 15.
Bh4 b5 16. Ng3 Qd6 17. Rad1 cxd4 18. exd4 dxc4 19. bxc4 bxc4 20. Ne4 Qxd4+ 21.
Bf2 Qd5 22. Nxf6+ Nxf6 23. Be2 Qxg2# 0-1

[Event "Belleuve Chess 2012"]
[Site "Alcudia ESP"]
[Date "2012.10.15"]
[Round "2.18"]
[White "Nadal Bestard, Sebastia"]
[Black "Delgadillo Torrico, Felipe"]
[Result "1-0"]
[WhiteElo "1851"]
[BlackElo "1981"]
[PlyCount "127"]
[EventDate "2012.10.14"]
[EventType "swiss"]
[EventRounds "9"]
[EventCountry "ESP"]
[Source "lmi"]
[SourceDate "2012.10.14"]

1. d4 d5 2. Bf4 Nf6 3. Nf3 Bf5 4. e3 e6 5. Nbd2 Be7 6. h3 h6 7. Be2 Nbd7 8. O-O
O-O 9. Rc1 c5 10. c4 cxd4 11. Nxd4 Bg6 12. Bh2 Rc8 13. N4f3 Qb6 14. Qb3 Qxb3
15. Nxb3 b6 16. cxd5 Nxd5 17. Ba6 Rxc1 18. Rxc1 Nc5 19. Nxc5 Bxc5 20. Ne5 Nb4
21. Bc4 Be4 22. a3 Nd5 23. Nd7 Rd8 24. Nxc5 bxc5 25. f3 Bg6 26. Rd1 Rd7 27. e4
Nb6 28. Rxd7 Nxd7 29. Bb5 Nb6 30. Bb8 Nc8 31. Ba6 Ne7 32. Bxa7 f5 33. Bxc5 Kf7
34. Bxe7 Kxe7 35. e5 f4 36. Bb5 h5 37. h4 Kd8 38. Kf1 Kc7 39. Ke2 Kb6 40. Bd7
Bf5 41. Kd2 Kc5 42. Kc3 Kd5 43. a4 Kxe5 44. a5 Kd6 45. Be8 g6 46. b4 e5 47. b5
e4 48. fxe4 Bxe4 49. Bc6 Bxc6 50. bxc6 g5 51. hxg5 f3 52. gxf3 h4 53. g6 h3 54.
g7 h2 55. g8=Q h1=Q 56. Qg6+ Kc7 57. Qe4 Qa1+ 58. Kb3 Qxa5 59. Kc4 Qa6+ 60. Kd4
Qa1+ 61. Kd5 Qa2+ 62. Ke5 Qf7 63. Kd4 Qa2 64. Qd5 1-0

[Event "Belleuve Chess 2012"]
[Site "Alcudia ESP"]
[Date "2012.10.15"]
[Round "2.19"]
[White "Rautanen, Sari"]
[Black "Hidalgo Maireles, Juan Carlos"]
[Result "1-0"]
[WhiteElo "1955"]
[BlackElo "1811"]
[PlyCount "63"]
[EventDate "2012.10.14"]
[EventType "swiss"]
[EventRounds "9"]
[EventCountry "ESP"]
[Source "lmi"]
[SourceDate "2012.10.14"]

1. e4 e6 2. d3 d5 3. Nd2 a6 4. Ngf3 b5 5. g3 Bb7 6. Bg2 dxe4 7. dxe4 Nf6 8. Qe2
Be7 9. O-O O-O 10. Rd1 Qc8 11. e5 Nd5 12. Ne4 Nb6 13. b3 N8d7 14. Bb2 Rd8 15.
h4 Rb8 16. h5 h6 17. Nh2 Nc5 18. Ng4 Nxe4 19. Bxe4 Bxe4 20. Qxe4 c5 21. Nf6+
gxf6 22. exf6 Bf8 23. Qg4+ Kh7 24. Be5 Ra8 25. Bd6 Rxd6 26. Rxd6 Nd5 27. Qe4+
Kg8 28. Rxd5 exd5 29. Qxd5 Qd8 30. Qf3 Ra7 31. Rd1 Rd7 32. Qg4+ 1-0